[Event "DEM U14w 2024"]
[Site "Willingen GER"]
[Date "2024.05.21"]
[Round "4"]
[White "Dedic, Sajra"]
[Black "Eitel, Liz"]
[Result "1-0"]
[Termination "normal"]
[Board "12"]
[WhiteElo "1555"]
[BlackElo "1602"]
[WhiteClock "00:44:40"]
[BlackClock "01:05:21"]
[PlyCount "47"]
[WhiteFideId "14422794"]
[BlackFideId "34622195"]
[EventCountry "GER"]
[EventRounds "9"]
[EventType "swiss"]
[EventDate "2024.05.18"]

1. d4 {[%clk 01:30:59]} d5 {[%clk 01:30:54]} {[%emt 00:00:07]} 2. Bf4 {[%clk
01:31:26]} {[%emt 00:00:04]} Nf6 {[%clk 01:31:13]} {[%emt 00:00:10]} 3. e3
{[%clk 01:31:48]} {[%emt 00:00:08]} e6 {[%clk 01:31:27]} {[%emt 00:00:16]} 4.
Bd3 {[%clk 01:31:13]} {[%emt 00:01:05]} c5 {[%clk 01:31:32]} {[%emt 00:00:24]}
5. c3 {[%clk 01:28:57]} {[%emt 00:02:46]} Bd6 {[%clk 01:31:19]} {[%emt
00:00:43]} 6. Nf3 {[%clk 01:26:57]} {[%emt 00:02:31]} Qc7 {[%clk 01:30:23]}
{[%emt 00:01:26]} 7. Bxd6 {[%clk 01:22:49]} {[%emt 00:04:38]} Qxd6 {[%clk
01:30:39]} {[%emt 00:00:13]} 8. Nbd2 {[%clk 01:21:41]} {[%emt 00:01:38]} Nbd7
{[%clk 01:28:19]} {[%emt 00:02:50]} 9. O-O {[%clk 01:12:55]} {[%emt 00:09:16]}
O-O {[%clk 01:28:26]} {[%emt 00:00:23]} 10. e4 {[%clk 01:04:11]} {[%emt
00:09:15]} e5 {[%clk 01:24:23]} {[%emt 00:04:33]} 11. dxe5 {[%clk 01:03:27]}
{[%emt 00:01:14]} Nxe5 {[%clk 01:24:34]} {[%emt 00:00:18]} 12. Nxe5 {[%clk
01:03:12]} {[%emt 00:00:46]} Qxe5 {[%clk 01:24:47]} {[%emt 00:00:17]} 13. f4
{[%clk 00:59:46]} {[%emt 00:03:56]} Qc7 {[%clk 01:18:49]} {[%emt 00:06:26]} 14.
e5 {[%clk 00:58:33]} {[%emt 00:01:45]} Nd7 {[%clk 01:16:37]} {[%emt 00:02:41]}
15. Rf3 {[%clk 00:52:04]} {[%emt 00:07:00]} c4 {[%clk 01:15:41]} {[%emt
00:01:26]} 16. Bc2 {[%clk 00:46:02]} {[%emt 00:06:31]} Qb6+ {[%clk 01:12:09]}
{[%emt 00:04:02]} 17. Kh1 {[%clk 00:45:20]} {[%emt 00:01:11]} Qxb2 {[%clk
01:11:51]} {[%emt 00:00:49]} 18. Rb1 {[%clk 00:45:12]} {[%emt 00:00:37]} Qxa2
{[%clk 01:10:13]} {[%emt 00:02:10]} 19. Bxh7+ {[%clk 00:44:18]} {[%emt
00:01:23]} Kxh7 {[%clk 01:07:58]} {[%emt 00:02:45]} 20. Rh3+ {[%clk 00:44:39]}
{[%emt 00:00:09]} Kg8 {[%clk 01:08:18]} {[%emt 00:00:11]} 21. Qh5 {[%clk
00:44:39]} {[%emt 00:00:28]} f5 {[%clk 01:08:33]} {[%emt 00:00:16]} 22. e6
{[%clk 00:43:58]} {[%emt 00:01:11]} Qxb1+ {[%clk 01:05:05]} {[%emt 00:03:59]}
23. Nxb1 {[%clk 00:44:18]} {[%emt 00:00:10]} Nf6 {[%clk 01:05:21]} {[%emt
00:00:14]} 24. Qh8# {[%clk 00:44:40]} {[%emt 00:00:07]} 1-0

[Event "DEM U14w 2024"]
[Site "Willingen GER"]
[Date "2024.05.21"]
[Round "4"]
[White "Richter, Anastasia"]
[Black "Rafikova, Ailin"]
[Result "1/2-1/2"]
[Termination "normal"]
[Board "13"]
[WhiteElo "1562"]
[BlackElo "1627"]
[WhiteClock "00:26:55"]
[BlackClock "00:12:01"]
[PlyCount "84"]
[WhiteFideId "34659099"]
[BlackFideId "34612173"]
[EventCountry "GER"]
[EventRounds "9"]
[EventType "swiss"]
[EventDate "2024.05.18"]

1. e4 {[%clk 01:30:58]} {[%emt 00:00:01]} c6 {[%clk 01:30:57]} {[%emt
00:00:03]} 2. d4 {[%clk 01:31:24]} {[%emt 00:00:04]} d5 {[%clk 01:31:22]}
{[%emt 00:00:05]} 3. e5 {[%clk 01:31:50]} {[%emt 00:00:05]} Bf5 {[%clk
01:31:48]} {[%emt 00:00:03]} 4. h4 {[%clk 01:32:13]} {[%emt 00:00:07]} h5
{[%clk 01:32:05]} {[%emt 00:00:13]} 5. Bg5 {[%clk 01:32:38]} {[%emt 00:00:06]}
Qb6 {[%clk 01:31:31]} {[%emt 00:01:03]} 6. Bd3 {[%clk 01:32:52]} {[%emt
00:00:16]} Qxd4 {[%clk 01:18:33]} {[%emt 00:13:28]} 7. Nf3 {[%clk 01:33:08]}
{[%emt 00:00:13]} Qg4 {[%clk 01:13:58]} {[%emt 00:05:05]} 8. Bxf5 {[%clk
01:32:23]} {[%emt 00:01:16]} Qxf5 {[%clk 01:12:49]} {[%emt 00:01:38]} 9. c4
{[%clk 01:29:21]} {[%emt 00:03:33]} Qe4+ {[%clk 01:10:17]} {[%emt 00:03:01]}
10. Be3 {[%clk 01:28:56]} {[%emt 00:00:55]} e6 {[%clk 01:04:24]} {[%emt
00:06:23]} 11. Nbd2 {[%clk 01:10:12]} {[%emt 00:19:14]} Qg6 {[%clk 01:01:33]}
{[%emt 00:03:21]} 12. Qb3 {[%clk 01:05:24]} {[%emt 00:05:18]} b5 {[%clk
00:48:13]} {[%emt 00:13:50]} 13. cxb5 {[%clk 01:02:15]} {[%emt 00:03:41]} c5
{[%clk 00:45:02]} {[%emt 00:03:41]} 14. b6 {[%clk 00:47:06]} {[%emt 00:15:39]}
axb6 {[%clk 00:42:34]} {[%emt 00:02:58]} 15. Qxb6 {[%clk 00:32:14]} {[%emt
00:15:22]} Nd7 {[%clk 00:41:01]} {[%emt 00:02:02]} 16. Qc6 {[%clk 00:31:26]}
{[%emt 00:01:16]} Rb8 {[%clk 00:38:59]} {[%emt 00:02:33]} 17. Rc1 {[%clk
00:24:37]} {[%emt 00:07:19]} Ne7 {[%clk 00:31:21]} {[%emt 00:08:09]} 18. Qa4
{[%clk 00:22:41]} {[%emt 00:02:20]} Rb4 {[%clk 00:22:19]} {[%emt 00:09:38]} 19.
Qa6 {[%clk 00:15:10]} {[%emt 00:08:00]} Rb6 {[%clk 00:17:05]} {[%emt 00:05:45]}
20. Qe2 {[%clk 00:12:21]} {[%emt 00:03:18]} Nc6 {[%clk 00:14:41]} {[%emt
00:02:55]} 21. O-O {[%clk 00:10:12]} {[%emt 00:02:38]} Be7 {[%clk 00:12:51]}
{[%emt 00:02:21]} 22. b3 {[%clk 00:04:52]} {[%emt 00:05:50]} O-O {[%clk
00:11:30]} {[%emt 00:01:50]} 23. Rfd1 {[%clk 00:04:48]} {[%emt 00:00:33]} Nb4
{[%clk 00:10:09]} {[%emt 00:01:53]} 24. Nc4 {[%clk 00:03:43]} {[%emt 00:01:35]}
Rbb8 {[%clk 00:05:25]} {[%emt 00:05:14]} 25. Nd6 {[%clk 00:02:38]} {[%emt
00:01:34]} Bxd6 {[%clk 00:03:27]} {[%emt 00:02:29]} 26. exd6 {[%clk 00:03:07]}
{[%emt 00:00:01]} d4 {[%clk 00:02:27]} {[%emt 00:01:31]} 27. Bf4 {[%clk
00:02:10]} {[%emt 00:01:25]} Ra8 {[%clk 00:01:59]} {[%emt 00:01:00]} 28. Ne5
{[%clk 00:01:56]} {[%emt 00:00:41]} Nxe5 {[%clk 00:01:35]} {[%emt 00:00:55]}
29. Qxe5 {[%clk 00:02:04]} {[%emt 00:00:23]} Nd3 {[%clk 00:01:27]} {[%emt
00:00:39]} 30. Rxd3 {[%clk 00:02:07]} {[%emt 00:00:27]} Qxd3 {[%clk 00:01:48]}
{[%emt 00:00:09]} 31. Qxc5 {[%clk 00:01:37]} {[%emt 00:01:00]} Rfd8 {[%clk
00:01:44]} {[%emt 00:00:33]} 32. Qc2 {[%clk 00:01:23]} {[%emt 00:00:44]} Qb5
{[%clk 00:01:28]} {[%emt 00:00:46]} 33. Qc4 {[%clk 00:01:45]} {[%emt 00:00:07]}
Qxc4 {[%clk 00:01:22]} {[%emt 00:00:37]} 34. Rxc4 {[%clk 00:02:14]} {[%emt
00:00:02]} Rxa2 {[%clk 00:01:13]} {[%emt 00:00:39]} 35. Rxd4 {[%clk 00:02:39]}
{[%emt 00:00:04]} Ra7 {[%clk 00:01:21]} {[%emt 00:00:21]} 36. Rd1 {[%clk
00:02:58]} {[%emt 00:00:11]} f6 {[%clk 00:01:32]} {[%emt 00:00:19]} 37. b4
{[%clk 00:03:22]} {[%emt 00:00:07]} e5 {[%clk 00:01:51]} {[%emt 00:00:10]} 38.
Be3 {[%clk 00:03:47]} {[%emt 00:00:06]} Rad7 {[%clk 00:01:16]} {[%emt
00:01:05]} 39. Bc5 {[%clk 00:04:11]} {[%emt 00:00:07]} Kf7 {[%clk 00:01:17]}
{[%emt 00:00:28]} 40. f3 {[%clk 00:04:33]} {[%emt 00:00:08]} Ke6 {[%clk
00:01:10]} {[%emt 00:00:37]} 41. Kf2 {[%clk 00:04:35]} {[%emt 00:00:22]} Ra8
{[%clk 00:20:50]} {[%emt 00:10:55]} 42. Rd2 {[%clk 00:26:55]} {[%emt 00:08:10]}
g5 {[%clk 00:12:01]} {[%emt 00:09:19]} 1/2-1/2

[Event "DEM U14w 2024"]
[Site "Willingen GER"]
[Date "2024.05.21"]
[Round "4"]
[White "Neumann, Anna-Lena"]
[Black "Hamati, Emeli"]
[Result "0-1"]
[Termination "normal"]
[Board "14"]
[WhiteElo "861"]
[BlackElo "853"]
[WhiteClock "00:43:41"]
[BlackClock "01:10:08"]
[PlyCount "68"]
[WhiteFideId "34660321"]
[BlackFideId "533000662"]
[EventCountry "GER"]
[EventRounds "9"]
[EventType "swiss"]
[EventDate "2024.05.18"]

1. e4 {[%clk 01:30:57]} {[%emt 00:00:03]} e6 {[%clk 01:30:54]} {[%emt
00:00:07]} 2. d4 {[%clk 01:31:17]} {[%emt 00:00:09]} d5 {[%clk 01:31:19]}
{[%emt 00:00:05]} 3. exd5 {[%clk 01:31:31]} {[%emt 00:00:15]} exd5 {[%clk
01:31:42]} {[%emt 00:00:08]} 4. Nc3 {[%clk 01:31:39]} {[%emt 00:00:23]} Bd6
{[%clk 01:31:54]} {[%emt 00:00:17]} 5. Nxd5 {[%clk 01:31:06]} {[%emt 00:01:02]}
Ne7 {[%clk 01:31:46]} {[%emt 00:00:38]} 6. Bg5 {[%clk 01:30:54]} {[%emt
00:00:43]} f6 {[%clk 01:32:05]} {[%emt 00:00:13]} 7. Bf4 {[%clk 01:25:53]}
{[%emt 00:05:30]} Nxd5 {[%clk 01:32:00]} {[%emt 00:00:35]} 8. Bxd6 {[%clk
01:25:05]} {[%emt 00:01:17]} Qxd6 {[%clk 01:31:44]} {[%emt 00:00:47]} 9. Nf3
{[%clk 01:23:16]} {[%emt 00:02:18]} Bf5 {[%clk 01:31:36]} {[%emt 00:00:39]} 10.
Bd3 {[%clk 01:23:00]} {[%emt 00:00:46]} Bxd3 {[%clk 01:31:26]} {[%emt
00:00:41]} 11. Qxd3 {[%clk 01:22:58]} {[%emt 00:00:30]} Nc6 {[%clk 01:31:26]}
{[%emt 00:00:30]} 12. Qe4+ {[%clk 01:21:08]} {[%emt 00:02:20]} Nce7 {[%clk
01:30:38]} {[%emt 00:01:19]} 13. O-O {[%clk 01:19:53]} {[%emt 00:01:45]} O-O-O
{[%clk 01:30:56]} {[%emt 00:00:12]} 14. c4 {[%clk 01:18:14]} {[%emt 00:02:08]}
Nb4 {[%clk 01:21:06]} {[%emt 00:10:20]} 15. c5 {[%clk 01:17:56]} {[%emt
00:00:48]} Qd7 {[%clk 01:20:46]} {[%emt 00:00:51]} 16. Nd2 {[%clk 01:14:45]}
{[%emt 00:03:40]} Qxd4 {[%clk 01:19:52]} {[%emt 00:01:24]} 17. Qxe7 {[%clk
01:13:36]} {[%emt 00:01:38]} Qxd2 {[%clk 01:18:57]} {[%emt 00:01:26]} 18. Qe6+
{[%clk 01:11:53]} {[%emt 00:02:12]} Qd7 {[%clk 01:17:39]} {[%emt 00:01:50]} 19.
Qc4 {[%clk 01:05:43]} {[%emt 00:06:39]} Nc6 {[%clk 01:16:56]} {[%emt 00:01:13]}
20. h3 {[%clk 01:00:59]} {[%emt 00:05:14]} g5 {[%clk 01:16:57]} {[%emt
00:00:29]} 21. Qb5 {[%clk 00:59:05]} {[%emt 00:02:24]} Nd4 {[%clk 01:14:53]}
{[%emt 00:02:35]} 22. Qb4 {[%clk 00:54:30]} {[%emt 00:05:04]} Nc2 {[%clk
01:14:47]} {[%emt 00:00:37]} 23. Qc4 {[%clk 00:52:10]} {[%emt 00:02:48]} Nxa1
{[%clk 01:14:42]} {[%emt 00:00:37]} 24. Rxa1 {[%clk 00:52:28]} {[%emt
00:00:12]} Rhe8 {[%clk 01:14:43]} {[%emt 00:00:29]} 25. c6 {[%clk 00:52:16]}
{[%emt 00:00:41]} Qxc6 {[%clk 01:14:34]} {[%emt 00:00:39]} 26. Qg4+ {[%clk
00:51:48]} {[%emt 00:00:58]} Kb8 {[%clk 01:13:55]} {[%emt 00:01:10]} 27. b4
{[%clk 00:47:06]} {[%emt 00:05:12]} Qd6 {[%clk 01:13:29]} {[%emt 00:00:55]} 28.
g3 {[%clk 00:45:20]} {[%emt 00:02:16]} Re6 {[%clk 01:12:42]} {[%emt 00:01:17]}
29. a4 {[%clk 00:44:36]} {[%emt 00:01:14]} Rde8 {[%clk 01:12:48]} {[%emt
00:00:24]} 30. Kf1 {[%clk 00:44:34]} {[%emt 00:00:33]} Qd3+ {[%clk 01:12:14]}
{[%emt 00:01:03]} 31. Kg2 {[%clk 00:44:35]} {[%emt 00:00:29]} Re1 {[%emt
00:01:52]} 32. Rxe1 {[%emt 00:00:49]} Rxe1 {[%clk 01:09:47]} {[%emt 00:00:16]}
33. h4 {[%clk 00:43:41]} {[%emt 00:01:24]} Qf1+ {[%clk 01:10:08]} {[%emt
00:00:09]} 34. Kf3 {[%clk 00:43:41]} {[%emt 00:00:30]} Qh1# {[%emt 00:00:07]}
0-1